Developmental biology / (Record no. 134337)

MARC details
000 -LEADER
fixed length control field 00688nam a22002297a 4500
005 - DATE AND TIME OF LATEST TRANSACTION
control field 20170124110224.0
010 ## - LIBRARY OF CONGRESS CONTROL NUMBER
LC control number A-283923
020 ## - INTERNATIONAL STANDARD BOOK NUMBER
Terms of availability 00.00
International Standard Book Number 0030567483
035 ## - SYSTEM CONTROL NUMBER
System control number A-283923
037 ## - SOURCE OF ACQUISITION
Source of stock number/acquisition Cen Lib/Ret
040 ## - CATALOGING SOURCE
Original cataloging agency DPL
Language of cataloging EN
082 ## - DEWEY DECIMAL CLASSIFICATION NUMBER
Classification number 574.3
Item number BRO
100 ## - MAIN ENTRY--PERSONAL NAME
Personal name Browder, Leon W.
9 (RLIN) 40466
245 ## - TITLE STATEMENT
Title Developmental biology /
Statement of responsibility, etc by Leon W.Browder
260 ## - PUBLICATION, DISTRIBUTION, ETC. (IMPRINT)
Place of publication, distribution, etc Philadelphia
Name of publisher, distributor, etc Saunders College
Date of publication, distribution, etc 1980
270 ## - ADDRESS
Address West Washington Square
City Philadelphia
Postal code 19105
300 ## - PHYSICAL DESCRIPTION
Extent xiv,602p. :
Dimensions 25cm(Hb)
Other physical details ill.
500 ## - GENERAL NOTE
General note Includes bibliographical references and index<br/>
650 ## - SUBJECT ADDED ENTRY--TOPICAL TERM
Topical term or geographic name as entry element Biology
9 (RLIN) 10215
650 ## - SUBJECT ADDED ENTRY--TOPICAL TERM
Topical term or geographic name as entry element Genetics
9 (RLIN) 20156
942 ## - ADDED ENTRY ELEMENTS (KOHA)
Source of classification or shelving scheme Dewey Decimal Classification
Koha item type English Books
Classification part 574.3
Call number suffix BRO
Holdings
Withdrawn status Lost status Damaged status Not for loan Collection code Home library Current library Date acquired Source of acquisition Cost, normal purchase price Total Checkouts Full call number Barcode Date last seen Copy number Cost, replacement price Price effective from Koha item type
      Not For Loan Reference Central Library Central Library 29/07/2015 Cen Lib/Ret 0.00   574.3 BRO A-283923 29/07/2015 1 0.00 29/07/2015 English Books

© Delhi Public Library
Hit Counter
free hit counter